Estepa (Record no. 20324)

MARC details
000 -LEADER
campo de control de longitud fija 00631nam a2200169 i 4500
001 - NÚMERO DE CONTROL
campo de control 20324
003 - IDENTIFICADOR DE NÚMERO DE CONTROL
campo de control ES-MaACL
005 - FECHA Y HORA DE LA ÚLTIMA TRANSACCIÓN
campo de control 20230906152258.0
007 - CAMPO FIJO DE DESCRIPCIÓN FÍSICA--INFORMACIÓN GENERAL
campo de control de longitud fija t|
008 - DATOS DE LONGITUD FIJA--INFORMACIÓN GENERAL
campo de control de longitud fija 021111s1891 sp |||| | spa d
100 1# - ENTRADA PRINCIPAL--NOMBRE DE PERSONA
Nombre de persona Aguilar y Cano, Antonio.
9 (RLIN) 18750
245 10 - MENCIÓN DEL TÍTULO
Título Estepa
Resto del título : nueva colección de documentos, datos históricos, noticias bibliográficas y biográficas, anécdotas, etc. referentes a la citada ciudad /
Mención de responsabilidad, etc. por Antonio Aguilar y Cano.
260 ## - PUBLICACIÓN, DISTRIBUCIÓN, ETC.
Lugar de publicación, distribución, etc. Estepa :
Nombre del editor, distribuidor, etc. [s.n.],
Fecha de publicación, distribución, etc. 1891 (
Fabricante Imp. de Antonio Hermoso Cordero)
300 ## - DESCRIPCIÓN FÍSICA
Extensión 135 p. ;
Dimensiones 22 cm.
651 #4 - PUNTO DE ACCESO ADICIONAL DE MATERIA--NOMBRE GEOGRÁFICO
Nombre geográfico Estepa-
Subdivisión de forma Misceláneas.
9 (RLIN) 152301
852 ## - LOCALIZACIÓN
Ubicación ES-MaACL
Número de control de estantería Z-3-F-20
Holdings
Estatus retirado Estado de pérdida Estado de daño No para préstamo Colección Biblioteca de origen Biblioteca actual Ubicación en estantería Fecha de adquisición Fuente de adquisición Total de préstamos Signatura topográfica completa Código de barras Visto por última vez Precio de reemplazo Tipo de ítem Koha
        Libros del s. XIX Biblioteca del Ateneo de Madrid Biblioteca del Ateneo de Madrid Depósito Z 17/01/2008     Z-3-F-20 1020840 23/02/2023 23/02/2023 Libro impreso antiguo